| 000 | 01000nam a22002777a 4500 | ||
|---|---|---|---|
| 005 | 20121126120617.0 | ||
| 008 | 121126t xxu||||| |||| 00| 0 eng d | ||
| 010 | _aENG-106212 | ||
| 020 |
_a9781259028502 _c599.00 |
||
| 020 |
_a125902850x _c599.00 |
||
| 035 | _aEN-89745 | ||
| 037 | _bDBAD/PUB | ||
| 040 |
_aDPL _bEng |
||
| 082 | _a658.3 | ||
| 100 |
_aKinicki, Angelo _953780 |
||
| 245 |
_aOrganizational behavior : _cby Angelo Kinicki [and] Robert Kreitner _bkey concepts, skills & best practices / |
||
| 250 | _a4th ed | ||
| 260 |
_aNew New _bTata McGraw-Hill _c2012 |
||
| 270 |
_a7, West Patel Nagar _bNew Delhi _e110008 |
||
| 300 |
_axxviii,475p. : _c26cm(pbk) _bill. |
||
| 500 | _aIncludes index | ||
| 650 |
_aOrganizational behavior. _953784 |
||
| 700 |
_aKreitner, Robert _953785 |
||
| 942 |
_2ddc _cEN _mKIN _h658.3 |
||
| 999 |
_c71627 _d71627 |
||